New Chitose Airport Destinations (Sapporo, Japan) - Statistics

General Stats
  • This quiz has been taken 83 times
    30 since last reset
  • The average score is 32 of 51
Answer Stats
Airline Destination % Correct
Air Busan/Eastar Jet/Jeju Air/Jin Air/T'way Air Busan
100%
All Nippon Airways/ANA Wings/J-Air/Japan Airlines Osaka (Itami)
100%
All Nippon Airways/ANA Wings/Japan Airlines/Jetstar Japan/Peach Osaka (Kansai)
100%
Air Busan/Air Seoul/Asiana Airlines/Eastar Jet/Jeju Air/Jin Air/Korean Air/T'way Air Seoul (Incheon)
100%
Air Do/All Nippon Airways/Japan Airlines/Skymark Airlines Tokyo (Haneda)
100%
All Nippon Airways/Jetstar Japan/Peach/Spring Airlines Japan Tokyo (Narita)
100%
Air China Beijing (Capital)
96%
Beijing Capital Airlines Beijing (Daxing)
96%
Sichuan Airlines Chengdu (Tianfu)
96%
Cathay Pacific/Greater Bay Airlines/Hong Kong Airlines Hong Kong
96%
China Eastern Airlines/Juneyao Air/Spring Airlines Shanghai (Pudong)
96%
Scoot/Singapore Airlines Singapore
96%
China Airlines/EVA Air/Scoot/Starlux Airlines/Thai AirAsia/Thai VietJet Air/Tigerair Taiwan Taipei (Taoyuan)
96%
Thai AirAsia X/Thai Lion Air Bangkok (Don Mueang)
92%
Thai Airways International/Thai VietJet Air Bangkok (Suvarnabhumi)
92%
Air Do/All Nippon Airways/ANA Wings/Fuji Dream Airlines/Japan Airlines/Peach/Skymark Airlines Fukuoka
92%
Shenzhen Airlines Shenzhen
92%
ANA Wings/J-Air/Japan Airlines Hiroshima
88%
AirAsia X/Malaysia Airlines Kuala Lumpur (International)
88%
Cebu Pacific/Philippine Airlines Manila
88%
Qantas Sydney
88%
Tianjin Airlines Tianjin
88%
Air Do/ANA Wings/Japan Airlines/Jetstar Japan/Peach/Skymark Airlines Nagoya (Centrair)
83%
Air Do/ANA Wings/Ibex Airlines/J-Air/Peach Sendai
83%
Hainan Airlines Xi'an
79%
Peach Naha
75%
T'way Air Daegu
71%
Thai Lion Air/Tigerair Taiwan Kaohsiung
63%
Air Do/All Nippon Airways/Skymark Airlines Kobe
58%
ANA Wings/Fuji Dream Airlines Niigata
58%
Thai AirAsia Chiang Mai
54%
ANA Wings/J-Air Aomori
42%
ANA Wings Fukushima
42%
J-Air Kagoshima
42%
ANA Wings Akita
38%
ANA Wings Hakodate
38%
ANA Wings Toyama
38%
ANA Wings Okayama
33%
Skymark Airlines Ibaraki
29%
ANA Wings/Fuji Dream Airlines Shizuoka
29%
ANA Wings Kushiro
25%
ANA Wings Wakkanai
25%
Fuji Dream Airlines Yamagata
21%
All Nippon Airways Komatsu
17%
ANA Wings/J-Air Memanbetsu
17%
Jeju Air Muan
17%
Aero K Cheongju
13%
J-Air Hanamaki
13%
Fuji Dream Airlines Matsumoto
13%
ANA Wings Nakashibetsu
13%
ANA Wings Rishiri
13%
No matching quizzes found
Score Distribution
Percent of People with Each Score
Percentile by Number Answered
Your Score History
You have not taken this quiz since the last reset